Steps to stone grafting in mango (Record no. 46246)

MARC details
000 -LEADER
fixed length control field 00298nam a2200121Ia 4500
100 ## - MAIN ENTRY--AUTHOR NAME
Personal name Singh N P
245 #0 - TITLE STATEMENT
Title Steps to stone grafting in mango
260 ## - PUBLICATION, DISTRIBUTION, ETC. (IMPRINT)
Name of publisher Indian Horticulture
Year of publication 1981
300 ## - PHYSICAL DESCRIPTION
Number of Pages 10-Jul
700 ## - ADDED ENTRY--PERSONAL NAME
Personal name Srivastava R P
942 ## - ADDED ENTRY ELEMENTS (KOHA)
Koha item type Reprints
Holdings
Withdrawn status Lost status Damaged status Not for loan Home library Current library Date acquired Accession Number Koha item type
      Reprints RRII Library RRII Library 22/12/2021 P0835 Reprints